000 00525nam a2200193Ia 4500
005 20250326143607.0
008 250326s9999 xx 000 0 und d
020 _a81-7881-291-6
037 _aTextbook
040 _aFMSL
_beng
_cFMSL
041 _aeng
_2eng
084 _aX62 P4
_qFMSL
100 _aSubbulakshmi V
_9748236
245 0 _aCorporate goverce in banks
_cSubbulakshmi V
260 _aIndia
_bIndia, ICFAI University
_c2004
300 _a167p
942 _cTB
_hX62 P4
999 _c1300193
_d1300193